000 005490000a22001810004500
003 MACL
005 20160510152446.0
008 160510b xxu||||| |||| 00| 0 eng d
040 _aMACL
_cMACL
041 _aHindi
082 _a891.431
100 _aसिंह, नामवर
_955991
245 _aरूको ओ पृथ्‍वी
_cनामवर सिंह
260 _bसाहित्‍य अकादेमी
_c1999
_aदिल्‍ली
350 _a100
650 _aLiteracture
_955992
942 _cHIN
_k800/NER/P
_2ddc
999 _c10882
_d10882